000 01127cam a22002771i 4500
003 SA-RiAUC
005 20250408081841.0
008 250329s1996 su g f000r0 ara c
020 _a9960290557
040 _aSA-RiAUC
_bara
_cSA-RiAUC
_erda
050 4 _b.A93 1996
082 0 4 _a222.4
_qSA-RiAUC
090 _a222.4
_b ع و د
100 1 _aالعود، صالح علي
_eمؤلف.
245 1 0 _aتحريم كتابة القرآن الكريم بحروف غير عربية أعجمية أو لاتينية /
_cتأليف صالح علي العود ؛ قدم له محمد بن عبد الوهاب إبياط.
264 1 _aالرياض :
_bوزارة الشؤون الإسلامية،
_c1996
300 _a144 صفحة ؛
_c20سم
336 _aنص
_btxt
_2rdacontent
_3كتاب
337 _aبدون وسيط
_bn
_2rdamedia
338 _aمجلد
_bnc
_2rdacarrier
650 7 _aرسم المصاحف
_2aucsh
650 7 _aالمصاحف
_xكتابة
_2aucsh
700 1 _aأبياط، محمد بن عبد الوهاب
_eمقدم.
942 _2ddc
_cBOOK
_n0
949 _aSA-JeALM
_d250329
_umohamedma123
_n1
999 _c6787
_d6787